000 01063nam a2200313 i 4500
001 22947
003 KOSZ 005
005 20220608101955.0
008 950606s1984 pl f |000 0 pol d
040 _cKOSZ 005
_aKOSZ 005
_dKOSZ 005/HR
041 _apol
046 _k1984
080 _a534
100 1 _aBajkowski, Józef
_eAutor
245 1 0 _aRezonanse wewmętrzne w nieliniowych układach drgających.
_nCz. 2 /
_cJ. Bajkowski, W. Szemplińska-Stupnicka.
260 _aWarszawa,
_c1984.
300 _a23 strony :
_crysunki, wykresy ;
_e21 cm
380 _aKsiążki
388 _a1901-2000
388 _a1945-1989
490 1 _aPrace Instytutu Podstawowych Problemów Techniki PAN ;
_v23
504 _aBibliografia na stronie 22.
650 4 _aDrgania
658 _aFizyka i astronomia
700 1 _aSzemplińska-Stupnicka, Wanda
_d(1932-2014)
_eAutor
830 0 _aPrace IPPT
_v23/1984
856 _uhttp://koha.tu.koszalin.pl/cgi-bin/koha/opac-detail.pl?biblionumber=22947
_yKatalog online BPK
942 _cKS
_2UKD
999 _c22947
_d22947